Los gobiernos estatales en los Estados Unidos Mexicanos

Detalles Bibliográficos
Autor principal: Cejudo, Guillermo M.
Formato: eBook
Lenguaje:español
Publicado: Mx̌ico DF: Nostra Ediciones, 2014
Materias:
Acceso en línea:Acceso restringido

MARC

LEADER 00000nam a22000007a 4500
005 2017052700000.0
007 cr|||| |||
008 170527s2014 mx |||||s|||| 00||0 spa d
020 |a 978-607-8237-36-4 
035 |a 20274 
040 |a vLex 
090 |c 6708  |d 6708 
100 1 |a Cejudo, Guillermo M. 
245 1 3 |a Los gobiernos estatales en los Estados Unidos Mexicanos  |h [Recurso electrn̤ico] /  |c Guillermo M. Cejudo 
256 |a Servicio en ln̕ea 
260 |a  Mx̌ico DF:  |b Nostra Ediciones,  |c 2014 
300 |a 1 recurso electrn̤ico 
500 |a Esta obra describe los avances que en materia polt̕ica han experimentado los gobiernos estatales, los cuales, al conseguir mayor autonoma̕ y recursos, tienen nuevas responsabilidades y retos que encarar ante los inminentes cambios en el rumbo del pas̕. El libro describe de manera clara y sencilla el orden del gobierno estatal, y le ofrece al lector un panorama completo de su regulacin̤ en la comprensin̤ de la conformacin̤ polt̕ica de Mx̌ico. 
506 1 |a Disponible solo en los productos indicados  |d vLex Global  |d vLex Global (Academic Edition, excluding Law Schools)  |d vLex Global (U.S. Academic Edition, Law Schools)  |d vLex Global (U.S. Academic Edition, excluding Law Schools)  |d vLex Global (Academic Edition, Law Schools) 
650 0 4 |a Derecho Civil  |z Mx̌ico 
650 0 4 |a Derecho Constitucional  |z Mx̌ico 
650 0 4 |a Gobierno  |z Mx̌ico 
740 0 |a vLex Libros (Servicio en ln̕ea) 
856 4 0 |u http://vlex.com/source/gobiernos-estatales-en-los-estados-unidos-mexicanos-20274  |z Acceso restringido 
942 |c BOOK 
999 0 |a Civil Law 
999 0 |a Constitutional Law 
999 0 |a Government